|
|
|
|
| LEADER |
00845nam a2200253 i 4500 |
| 001 |
c000331879 |
| 003 |
CARM |
| 005 |
00000000000000.0 |
| 008 |
770425s1976 sp 00011 spa |
| 015 |
|
|
|a Sp***
|
| 019 |
1 |
|
|a 880156
|5 LACONCORD2021
|
| 020 |
|
|
|a 8432203017
|
| 035 |
|
|
|a (OCoLC)2963774
|5 LACONCORD2021
|
| 050 |
0 |
0 |
|a PQ6657.O9
|b V4
|
| 082 |
0 |
0 |
|a 863/.6/4
|
| 100 |
1 |
|
|a Goytisolo, Luis,
|d 1935-
|
| 245 |
1 |
4 |
|a Los verdes de mayo hasta el mar /
|c Luis Goytisolo.
|
| 250 |
|
|
|a 1. ed.
|
| 260 |
|
|
|a Barcelona :
|b Seix Barral,
|c 1976.
|
| 300 |
|
|
|a 310 p. ;
|c 20 cm.
|
| 490 |
0 |
|
|a Biblioteca breve ;
|v 399
|
| 852 |
8 |
|
|b CARM
|h A1:AN01B0
|i B08493
|p 0409334
|f BK
|
| 999 |
f |
f |
|i 91552f7b-91bb-5d1f-bbf9-5736be71f516
|s 9706d5ac-6cc3-5b99-ae32-72d4f6fa1e50
|
| 952 |
f |
f |
|p Can circulate
|a CAVAL
|b CAVAL
|c CAVAL
|d CARM 1 Store
|e B08493
|f A1:AN01B0
|h Other scheme
|i book
|m 0409334
|